[Event "ECC"]
[Site "Halkidiki GRE"]
[Date "2002.09.26"]
[Round "5"]
[White "Efimenko,Z"]
[Black "Volkov,S"]
[Result "1-0"]
[WhiteElo "2557"]
[BlackElo "2636"]
[EventDate "2002.09.22"]

1. e4 e6 2. d4 d5 3. Nc3 Nf6 4. Bg5 Be7 5. e5 Nfd7 6. Bxe7 Qxe7 7. f4 O-O
8. Nf3 c5 9. Qd2 Nc6 10. dxc5 f5 11. exf6 Qxf6 12. g3 Nxc5 13. O-O-O Rd8
14. Bg2 Bd7 15. Rhe1 Be8 16. Qf2 b6 17. Ng5 Rac8 18. Qe2 Bf7 19. Kb1 a6 20.
a3 Rc7 21. Nxf7 Rxf7 22. Nxd5 exd5 23. Bxd5 Rxd5 24. Rxd5 h6 25. Red1 Na4
26. c3 b5 27. Rd6 Qf5+ 28. Qc2 Qxc2+ 29. Kxc2 Rc7 30. Rd7 Rc8 31. Rb7 Na5
32. Ra7 Nc5 33. Re7 Nc6 34. Re3 Kf7 35. b4 Na4 36. Rd7+ Kf8 37. Rd6 Rc7 38.
Kb3 Kf7 39. f5 h5 40. c4 Kf8 41. Ree6 Na5+ 42. bxa5 Nc5+ 43. Kb2 Nxe6 44.
fxe6 bxc4 45. Rxa6 c3+ 46. Kc2 Ke7 47. Rb6 Rc5 48. a6 g5 49. a7 Ra5 50.
Rb7+ Kxe6 51. Kxc3 Rxa3+ 52. Kd4 Ra2 53. Kc5 Kf5 54. Kb6 Kg4 55. Rg7 h4 56.
gxh4 Kxh4 57. Kb7 Rb2+ 58. Kc7 Ra2 59. Kb8 Rb2+ 60. Rb7 1-0

[Event "ECC"]
[Site "Halkidiki GRE"]
[Date "2002.09.26"]
[Round "5"]
[White "Areshchenko,A"]
[Black "Popov,Val"]
[Result "1/2-1/2"]
[WhiteElo "2533"]
[BlackElo "2579"]
[EventDate "2002.09.22"]

1. e4 c5 2. Nf3 d6 3. d4 cxd4 4. Nxd4 Nf6 5. Nc3 a6 6. Bc4 b5 7. Bb3 Bb7 8.
O-O Nbd7 9. a4 b4 10. Nd5 Nxe4 11. Nxb4 e6 12. Nxe6 fxe6 13. Bxe6 Ndf6 14.
Nd5 Nxd5 15. Bxd5 Bxd5 16. Qxd5 Nf6 17. Qa2 Be7 18. Bg5 Qd7 19. Rad1 Qf5
20. Bxf6 Qxf6 21. Qc4 Rd8 22. Rd3 Qf5 23. Qc6+ Qd7 24. Qd5 Rf8 25. Qh5+ Rf7
26. Qxh7 Qf5 27. Qxf5 Rxf5 28. Re1 Kf7 29. g3 Rb8 30. b3 Rc5 31. c4 Rc6 32.
h4 Rcb6 33. Ree3 Bf6 34. Kg2 Bb2 35. h5 Bc1 36. Rf3+ Kg8 37. g4 Ba3 38. g5
Kh7 39. Rh3 Bc1 40. h6 Bf4 41. c5 Rc6 42. hxg7+ Kxg7 43. cxd6 Rxd6 44. Rxd6
Bxd6 45. Rh6 Bf4 46. Rxa6 Rxb3 47. Rf6 Bxg5 48. Rf3 Rb2 49. Rf5 Kg6 50. Rf3
Ra2 51. a5 Rxa5 52. Rb3 Bh4 53. Rf3 Ra2 54. Kf1 Bf6 55. Kg2 Kf7 56. Re3 Bd4
57. Rf3+ Ke6 58. Kf1 Kd5 59. Rf8 Ke4 60. Kg2 Be5 61. Rf7 Ra8 62. Kf1 Bd6
63. Kg2 Re8 64. Kf1 Kd3 65. Rf3+ Kd2 66. Rf7 Re1+ 67. Kg2 Re4 68. Rd7 Re6
69. Rf7 Ke2 70. Rg7 Rf6 71. Kh3 Kf3 72. Kh4 Bf4 73. Rh7 Rg6 74. Kh5 Rf6 75.
Rh8 Ke4 76. Kg4 Rg6+ 77. Kh5 Rg5+ 78. Kh6 Rg2+ 79. Kh7 Rh2+ 80. Kg8 Rxf2
81. Rh7 Kf5 82. Kf7 Ra2 83. Rg7 Be5 84. Rh7 Ra7+ 85. Kg8 Ra8+ 86. Kf7 Bf6
87. Rh5+ Bg5 88. Rh7 Rb8 89. Kg7 Ke6 90. Rh3 Bf6+ 91. Kg6 Rg8+ 92. Kh5 Rg5+
93. Kh4 Rg1+ 94. Kh5 Kf7 95. Rf3 Rg2 96. Rf4 Rg3 97. Rf5 Ke6 98. Rf4 Kf7
99. Rf5 Rg8 100. Rf3 Rg1 101. Rf4 Ke6 102. Rg4 Rh1+ 103. Kg6 Rh8 104. Re4+
Be5 105. Rg4 Rh1 106. Rg5 Rh4 107. Rg1 Rf4 108. Rg2 Rf6+ 109. Kg5 Rf8 110.
Rg4 Kd5 111. Kg6 Bf4 112. Kg7 Rf5 113. Rg2 Ke6 114. Rg6+ Ke7 115. Rg2 Be5+
116. Kg6 Ke6 117. Rg1 Bf4 118. Rg2 Rf6+ 119. Kh5 Kf5 120. Rg5+ Ke4 1/2-1/2

[Event "ECC"]
[Site "Halkidiki GRE"]
[Date "2002.09.26"]
[Round "5"]
[White "Ivanov,Se"]
[Black "Korobov,A"]
[Result "0-1"]
[WhiteElo "2561"]
[BlackElo "2534"]
[EventDate "2002.09.22"]

1. d4 e6 2. c4 d5 3. Nc3 c6 4. Nf3 Nf6 5. Bg5 h6 6. Bh4 dxc4 7. e4 g5 8.
Bg3 b5 9. Be2 Bb7 10. h4 g4 11. Ne5 Nbd7 12. O-O Nxe5 13. Bxe5 Rg8 14. Qc2
Nh5 15. g3 f6 16. Bxg4 Rxg4 17. Qe2 f5 18. exf5 Qxh4 19. Bc7 Kd7 20. Qe5
Qf6 21. fxe6+ Qxe6 22. Qxh5 Kxc7 23. Rfe1 Qg6 0-1

[Event "ECC"]
[Site "Halkidiki GRE"]
[Date "2002.09.26"]
[Round "5"]
[White "Eingorn,V"]
[Black "Georgiev,Ki"]
[Result "1/2-1/2"]
[WhiteElo "2604"]
[BlackElo "2654"]
[EventDate "2002.09.22"]

1. d4 d5 2. c4 c6 3. Nf3 Nf6 4. Nc3 a6 5. h3 e6 6. e3 c5 7. cxd5 exd5 8.
Bd3 Nc6 9. O-O Bd6 10. dxc5 Bxc5 11. e4 dxe4 12. Nxe4 Be7 13. Qe2 Nxe4 14.
Bxe4 O-O 15. Bf4 Re8 16. Qc2 h6 17. Bxc6 bxc6 18. Qxc6 Be6 19. Rfd1 Qa5 20.
Nd4 Rac8 21. Qf3 Bf6 22. Bd2 Qb6 23. Bc3 Bc4 24. a4 Rcd8 25. a5 Qc5 26. Nf5
Rxd1+ 27. Rxd1 Bxc3 1/2-1/2

[Event "ECC"]
[Site "Halkidiki GRE"]
[Date "2002.09.26"]
[Round "5"]
[White "Ivanisevic,I"]
[Black "Timoshenko,G"]
[Result "1-0"]
[WhiteElo "2550"]
[BlackElo "2528"]
[EventDate "2002.09.22"]

1. d4 Nf6 2. c4 e6 3. Nc3 Bb4 4. Qc2 O-O 5. e4 d5 6. e5 Ne4 7. a3 Bxc3+ 8.
bxc3 c5 9. Bd3 Qa5 10. Ne2 cxd4 11. cxd5 exd5 12. f3 Nc5 13. Bxh7+ Kh8 14.
O-O dxc3 15. Nxc3 Be6 16. f4 Nc6 17. f5 Kxh7 18. fxe6+ Kg8 19. exf7+ Rxf7
20. Rxf7 Kxf7 21. Bd2 Ne6 22. Qf5+ Ke7 23. Bg5+ Nxg5 24. Qxg5+ Kf7 25. e6+
Kxe6 26. Qxg7 Rd8 27. Rf1 Kd6 28. Qg3+ Kd7 29. Rf7+ Kc8 30. Nb5 Rd7 31.
Rf8+ Nd8 32. a4 Qb6+ 33. Kh1 a6 34. Qc3+ Kb8 35. Rf6 Nc6 36. Qg3+ Ka8 37.
Rf8+ Nd8 38. Qc3 Qc6 39. Qa1 d4 40. h3 1-0

[Event "ECC"]
[Site "Halkidiki GRE"]
[Date "2002.09.26"]
[Round "5"]
[White "Kuzmin,G"]
[Black "Mitkov,N"]
[Result "1/2-1/2"]
[WhiteElo "2512"]
[BlackElo "2493"]
[EventDate "2002.09.22"]

1. e4 e5 2. Nf3 Nc6 3. Bb5 Nf6 4. O-O Bc5 5. d3 d6 6. Be3 Bxe3 7. fxe3 O-O
8. Bxc6 bxc6 9. Nc3 Ng4 10. Qe2 Nh6 11. d4 a5 12. Rfe1 Ba6 13. Qf2 Qe7 14.
Qh4 f6 15. Rad1 Qf7 16. b3 Rae8 17. Rd2 Qg6 18. h3 Bc8 19. Kh2 Kh8 20. Qg3
Qh5 21. Qh4 Qg6 22. Qg3 1/2-1/2

[Event "ECC"]
[Site "Halkidiki GRE"]
[Date "2002.09.26"]
[Round "5"]
[White "Tregubov,P"]
[Black "Marechal,A"]
[Result "1-0"]
[WhiteElo "2599"]
[BlackElo "2288"]
[EventDate "2002.09.22"]

1. d4 g6 2. Nf3 Bg7 3. c4 d6 4. Nc3 Bg4 5. e3 c6 6. Be2 Nf6 7. h3 Bxf3 8.
Bxf3 O-O 9. O-O Nbd7 10. b3 Re8 11. Ba3 Qa5 12. Qc1 Rad8 13. Rb1 b5 14. b4
Qa6 15. cxb5 cxb5 16. Be2 Rb8 17. Bb2 Rec8 18. a4 Nb6 19. Bxb5 Qb7 20. Qd1
Nfd5 21. Qb3 Nxc3 22. Bxc3 a6 23. Bd3 Nxa4 24. Bd2 Nb6 25. Ra1 Qd5 26. Qxd5
Nxd5 27. Rfb1 e5 28. Rxa6 exd4 29. exd4 Bxd4 30. Rxd6 Rd8 31. Rxd8+ Rxd8
32. Rb3 Kg7 33. Be2 Bb6 34. Rd3 Kf6 35. Bf3 Ne7 36. Rxd8 Bxd8 37. Kf1 Ke6
38. Ke2 Nd5 39. Kd3 Be7 40. Kc4 Nb6+ 41. Kd4 Bd6 42. Bc6 Ke7 43. b5 Na4 44.
f3 Ba3 45. g4 f6 46. Be1 Bd6 47. Ba5 Bc5+ 48. Kd5 Bf2 49. Bb4+ Kf7 50. f4
Bg3 51. f5 Nb6+ 52. Ke4 Bf2 53. Bd5+ Kg7 54. Be6 g5 55. Bc3 Bg3 56. Bd4 Na8
57. b6 Bb8 58. Kd5 Nxb6+ 59. Bxb6 Be5 60. Kc6 Bc3 61. Kd7 Bb4 62. Ke8 Ba3
63. Bd8 Bb4 64. Be7 Bxe7 65. Kxe7 Kh6 66. Bg8 1-0

[Event "ECC"]
[Site "Halkidiki GRE"]
[Date "2002.09.26"]
[Round "5"]
[White "Dolmatov,S"]
[Black "Plumanns,D"]
[Result "1-0"]
[WhiteElo "2586"]
[BlackElo "2193"]
[EventDate "2002.09.22"]

1. e4 c6 2. d4 d5 3. Nd2 dxe4 4. Nxe4 Nf6 5. Nxf6+ exf6 6. c3 Bd6 7. Bd3
O-O 8. Qc2 Re8+ 9. Ne2 h6 10. Be3 Qa5 11. O-O Nd7 12. Ng3 Qc7 13. Rfe1 Nf8
14. Kh1 Bd7 15. c4 Bf4 16. Qd2 Bxe3 17. fxe3 Re7 18. c5 Rae8 19. b4 g6 20.
e4 Kg7 21. Rf1 Nh7 22. Bc4 Bc8 23. d5 Re5 24. d6 Qd7 25. Rf4 Qd8 26. Raf1
Be6 27. Bd3 b6 28. Qc3 Bd7 29. Ne2 bxc5 30. bxc5 Rg5 31. Nd4 Ree5 32. Nf3
Rxc5 33. Qd4 Ra5 34. Nxg5 hxg5 35. R4f2 Be6 36. Rc1 c5 37. Qc3 c4 38. Bc2
Rxa2 39. e5 f5 40. Ra1 Rxa1+ 41. Qxa1 Nf8 42. Qxa7 Nd7 43. Re2 Qc8 44. Ba4
Nc5 45. Bb5 g4 46. Qc7 Qa8 47. Qxc5 1-0

[Event "ECC"]
[Site "Halkidiki GRE"]
[Date "2002.09.26"]
[Round "5"]
[White "Palac,M"]
[Black "Golod,V"]
[Result "1/2-1/2"]
[WhiteElo "2564"]
[BlackElo "2538"]
[EventDate "2002.09.22"]

1. e4 e5 2. Nf3 Nc6 3. Bb5 a6 4. Ba4 Nf6 5. O-O Be7 6. Re1 b5 7. Bb3 d6 8.
c3 O-O 9. h3 Na5 10. Bc2 c5 11. d4 Qc7 12. Nbd2 cxd4 13. cxd4 Nc6 14. Nb3
a5 15. Be3 a4 16. Nbd2 Bd7 17. Rc1 Rac8 18. a3 Qb8 19. Qe2 Rc7 20. Bd3 Rfc8
1/2-1/2

[Event "ECC"]
[Site "Halkidiki GRE"]
[Date "2002.09.26"]
[Round "5"]
[White "Vydeslaver,A"]
[Black "Yemelin,V"]
[Result "1/2-1/2"]
[WhiteElo "2430"]
[BlackElo "2534"]
[EventDate "2002.09.22"]

1. e4 e5 2. Nf3 Nc6 3. Bb5 Nf6 4. O-O Nxe4 5. d4 Nd6 6. dxe5 Nxb5 7. a4
Nbd4 8. Nxd4 Nxd4 9. Qxd4 d5 10. exd6 Qxd6 11. Qe3+ Be7 12. Nc3 1/2-1/2

[Event "ECC"]
[Site "Halkidiki GRE"]
[Date "2002.09.26"]
[Round "5"]
[White "Lugovoi,A"]
[Black "Tseitlin,Ma"]
[Result "1-0"]
[WhiteElo "2516"]
[BlackElo "2472"]
[EventDate "2002.09.22"]

1. d4 Nf6 2. c4 g6 3. Nc3 d5 4. Nf3 Bg7 5. Qb3 dxc4 6. Qxc4 O-O 7. e4 Nc6
8. Be2 Bg4 9. d5 Na5 10. Qa4 Bxf3 11. Bxf3 c6 12. O-O b5 13. Qb4 a6 14. Be3
Nd7 15. Rad1 c5 16. Bxc5 Nxc5 17. Qxc5 Rc8 18. Qa7 Nc4 19. d6 exd6 20. Qxa6
Bxc3 21. bxc3 Qd7 22. e5 Rb8 23. Bc6 Qd8 24. Bd5 Rb6 25. Qa7 Nxe5 26. Rfe1
Nc6 27. Qa3 Qf6 28. Qb3 Ne7 29. Bf3 Rc8 30. Re3 Rc4 31. g3 Nf5 32. Red3 Kg7
33. Bd5 Rc5 34. a4 Qd8 35. Rb1 Qf6 36. axb5 Rcxb5 37. Qxb5 Rxb5 38. Rxb5
Qe5 39. Rb1 h5 40. h4 Qe2 41. Rbd1 Qe5 42. Bf3 Qc5 43. Bd5 Ne7 44. Bg2 Nf5
45. Bh3 Nh6 46. Re3 Qc7 47. Rd4 Qc5 48. Red3 Qe5 49. Kf1 Ng8 50. Rxd6 Nf6
51. R6d4 Qb5 52. c4 Qb7 53. Bg2 Qb1+ 54. Rd1 Qc2 55. Bf3 Ng8 56. Re1 Nh6
57. Rf4 Nf5 58. Rd1 Kh6 59. Rd7 f6 60. Re4 g5 61. hxg5+ Kxg5 62. Rd5 Kg6
63. Rf4 Qb1+ 64. Kg2 1-0

[Event "ECC"]
[Site "Halkidiki GRE"]
[Date "2002.09.26"]
[Round "5"]
[White "Horvath,Cs"]
[Black "Vinter Schou,U"]
[Result "1-0"]
[WhiteElo "2517"]
[BlackElo "2342"]
[EventDate "2002.09.22"]

1. Nf3 Nf6 2. g3 c5 3. Bg2 Nc6 4. O-O b5 5. d4 e6 6. e4 cxd4 7. Nxd4 Nxd4
8. Qxd4 Bb7 9. Bf4 d6 10. Rd1 Be7 11. Qb4 O-O 12. Nc3 e5 13. Bg5 a6 14.
Bxf6 gxf6 15. Nd5 Rc8 16. c3 Rc4 17. Nxe7+ Qxe7 18. Qxd6 Qxd6 19. Rxd6 Kg7
20. Rb6 Rb8 21. Rd1 Rc6 22. Rxc6 Bxc6 23. Rd6 Rc8 24. Bh3 Rc7 25. Bf5 a5
26. Kg2 Be8 27. Rd8 Kf8 28. Bxh7 b4 29. cxb4 axb4 30. Rb8 1-0

[Event "ECC"]
[Site "Halkidiki GRE"]
[Date "2002.09.26"]
[Round "5"]
[White "Pedersen,F"]
[Black "Groszpeter,A"]
[Result "0-1"]
[WhiteElo "2266"]
[BlackElo "2491"]
[EventDate "2002.09.22"]

1. Nf3 Nf6 2. g3 d5 3. Bg2 c6 4. d3 Bg4 5. Nbd2 Nbd7 6. h3 Bh5 7. c4 e6 8.
b3 Bd6 9. Bb2 O-O 10. O-O Qe7 11. Qc2 Rfd8 12. Rfe1 Bg6 13. Nh4 Rac8 14.
Rad1 Bb4 15. Nxg6 hxg6 16. Qc1 Nc5 17. Bc3 Bxc3 18. Qxc3 d4 19. Qc2 a5 20.
a3 e5 21. Rb1 Ra8 22. Kf1 g5 23. Ra1 g4 24. b4 axb4 25. axb4 Na6 26. b5 Nb4
27. Qb3 gxh3 28. Bxh3 Rxa1 29. Rxa1 e4 30. Rb1 c5 31. Bg2 e3 32. Ne4 Nxe4
33. Bxe4 b6 34. Kg2 exf2 35. Kxf2 Qg5 36. Bf3 Re8 37. Qd1 g6 38. Ra1 Kg7
39. Qc1 Re3 40. Qh1 Re8 41. Qc1 Re3 42. Qh1 Nxd3+ 43. exd3 Rxd3 44. Qe1 Re3
45. Qd1 Rc3 46. Ra7 Qe3+ 47. Kg2 Rd3 48. Qxd3 Qxd3 49. Rb7 Qc2+ 50. Kg1
Qxc4 51. Rxb6 d3 52. Rb7 Qd4+ 0-1

[Event "ECC"]
[Site "Halkidiki GRE"]
[Date "2002.09.26"]
[Round "5"]
[White "Rewitz,P"]
[Black "Palkovi,J"]
[Result "0-1"]
[WhiteElo "2286"]
[BlackElo "2389"]
[EventDate "2002.09.22"]

1. e4 c5 2. Nf3 d6 3. d4 cxd4 4. Nxd4 Nf6 5. Nc3 g6 6. f3 Bg7 7. Be3 O-O 8.
Qd2 Nc6 9. O-O-O Nxd4 10. Bxd4 Be6 11. Kb1 Re8 12. Bb5 Bd7 13. Bxd7 Qxd7
14. Nd5 Nxd5 15. Bxg7 Kxg7 16. Qxd5 Qc7 17. Qd4+ f6 18. h4 Rac8 19. c3 Qc5
20. Qd2 h5 21. Rdg1 Rh8 22. g4 Kf7 23. Rg2 Rcg8 24. Rhg1 hxg4 25. b4 Qb6
26. Rxg4 Rxh4 27. Rxh4 Qxg1+ 28. Kb2 Qg5 29. Qf2 a5 30. Rh7+ Rg7 31. Rxg7+
Kxg7 32. a4 Qe5 33. b5 Qc5 34. Qg2 Qc4 35. Qc2 Qf1 36. Qb3 Qe2+ 37. Kb1
Qxf3 38. Qe6 Qh1+ 39. Kb2 Qh2+ 40. Kb3 Qe5 41. Qc4 g5 42. Qc7 Qxe4 43. Qxa5
g4 44. Qa7 g3 45. Qg1 g2 46. a5 Qe2 0-1

[Event "ECC"]
[Site "Halkidiki GRE"]
[Date "2002.09.26"]
[Round "5"]
[White "Agrest,E"]
[Black "Kovacevic,A"]
[Result "1/2-1/2"]
[WhiteElo "2599"]
[BlackElo "2551"]
[EventDate "2002.09.22"]

1. c4 c5 2. Nf3 Nf6 3. Nc3 Nc6 4. d4 cxd4 5. Nxd4 e6 6. g3 Qb6 7. Ndb5 Ne5
8. Bg2 a6 9. Na3 Bxa3 10. bxa3 Nxc4 11. Bg5 Qc5 12. Bxf6 gxf6 13. O-O Ne3
14. Qd3 Nxf1 15. Ne4 Qc7 16. Nxf6+ Ke7 17. Qd4 Nd2 18. Qh4 Kf8 19. Qh6+ Ke7
20. Qg5 Kf8 21. Qh6+ Ke7 1/2-1/2

[Event "ECC"]
[Site "Halkidiki GRE"]
[Date "2002.09.26"]
[Round "5"]
[White "Ilincic,Z"]
[Black "Carlsson,P"]
[Result "1-0"]
[WhiteElo "2532"]
[BlackElo "2400"]
[EventDate "2002.09.22"]

1. d4 Nf6 2. c4 e6 3. Nf3 b6 4. g3 Ba6 5. Qa4 Bb7 6. Bg2 c5 7. O-O cxd4 8.
Nxd4 Bxg2 9. Kxg2 Qc8 10. Rd1 Be7 11. Nc3 O-O 12. f3 a6 13. Ndb5 Nc6 14.
Nd6 Qb8 15. Nde4 Nxe4 16. Nxe4 b5 17. Qb3 Na5 18. Qc3 Nxc4 19. Rxd7 Qe8 20.
Rd1 f5 21. Nf2 Bf6 22. Qb3 Qe7 23. a4 Na5 24. Qa2 b4 25. Nd3 b3 26. Qb1 Nc4
27. a5 Rfd8 28. Ra4 Rac8 29. Re1 Qe8 30. Rb4 Nxa5 31. Qa1 Nc6 32. Rb7 Nd4
33. Qxa6 Rc6 34. Rb6 Ra8 35. Qb7 Rcc8 36. Bf4 Nc6 37. Ra6 Na5 38. Qb6 Rxa6
39. Qxa6 Ra8 40. Qb6 e5 41. Bd2 Nc4 42. Qxb3 Qf7 43. Qb4 e4 44. fxe4 fxe4
45. Nf4 Bxb2 46. Bc3 Ba3 47. Qb5 Rf8 48. Bd4 Bd6 49. Nh5 Be5 50. Qc5 Bxd4
51. Qxd4 e3 52. Nf4 Re8 53. Ra1 Qb7+ 54. Kg1 Nd2 55. Qa4 Rb8 56. Qa2+ Kh8
57. Rc1 Rf8 58. Qe6 Qb2 59. Nd3 Qd4 60. Ne5 g6 61. Qe7 Kg8 62. Qe6+ Kh8 63.
Nf7+ Kg7 64. Ng5 Qa7 65. Qe5+ Kg8 66. Rc7 1-0

[Event "ECC"]
[Site "Halkidiki GRE"]
[Date "2002.09.26"]
[Round "5"]
[White "Popovic,Pe"]
[Black "Bergstrom,P"]
[Result "1/2-1/2"]
[WhiteElo "2525"]
[BlackElo "2306"]
[EventDate "2002.09.22"]

1. e4 c6 2. d3 d5 3. Nd2 e5 4. Ngf3 Bd6 5. g3 Nf6 6. Bg2 O-O 7. O-O Re8 8.
Re1 Nbd7 9. h3 b6 10. b3 Bb7 11. Bb2 Qc7 12. Qe2 Rad8 13. a3 a5 14. Nh4 Bf8
15. Nf5 g6 16. Nh4 Bg7 17. Nhf3 dxe4 18. dxe4 Nc5 19. Qe3 Nfd7 20. Rad1 Ba6
21. Bf1 Bxf1 22. Kxf1 b5 23. Kg2 Ne6 24. Qe2 Ndc5 25. b4 Na4 26. Ba1 axb4
27. axb4 Nd4 28. Nxd4 exd4 29. Nb3 f5 30. Qf3 fxe4 31. Rxe4 Rf8 32. Qe2 Nc3
33. Bxc3 dxc3 34. Nc5 Rxd1 35. Qxd1 Qf7 36. Qe2 Qd5 37. Nd3 Re8 38. f3 Rf8
39. h4 Qd7 40. Re7 Qd5 41. Re4 Qd7 42. Qe3 Qd5 43. Qb6 h6 44. Qe3 Kh7 45.
Re7 Ra8 46. Qe1 Qd4 47. Re4 Qd5 48. Re7 Qd4 49. Re4 Qd5 50. Re7 Qd4 1/2-1/2

[Event "ECC"]
[Site "Halkidiki GRE"]
[Date "2002.09.26"]
[Round "5"]
[White "Lazic,Mi"]
[Black "Rygaard,Mic"]
[Result "1-0"]
[WhiteElo "2459"]
[BlackElo "2255"]
[EventDate "2002.09.22"]

1. Nf3 Nf6 2. b3 d5 3. Bb2 Bf5 4. g3 e6 5. Bg2 Be7 6. d3 O-O 7. O-O h6 8.
c4 c6 9. Nbd2 Bh7 10. Rc1 a5 11. a3 Nfd7 12. Qc2 Bf6 13. Bxf6 Nxf6 14. Rfe1
Re8 15. cxd5 exd5 16. b4 axb4 17. axb4 Qb6 18. Rb1 Ng4 19. Qc5 Nd7 20. Qxb6
Nxb6 21. Nd4 Ra4 22. Bh3 h5 23. Rec1 Nd7 24. f3 Ngf6 25. Kf2 g5 26. Bxd7
Nxd7 27. Rb2 Rea8 28. f4 gxf4 29. gxf4 c5 30. Nb5 Rxb4 31. Rxb4 cxb4 32.
Nf3 Ra2 33. Ke3 Nf6 34. Ne5 Bf5 35. Nd4 Ng4+ 36. Nxg4 Bxg4 37. Rb1 Ra4 38.
Rb2 Ra1 39. Kf2 Ra4 40. Ke3 Ra1 41. Rxb4 Rh1 42. Nf3 Bxf3 43. Kxf3 Rxh2 44.
Rxb7 Rh3+ 45. Kg2 Re3 46. Kf2 Re6 47. Rd7 Rf6 48. Rxd5 Rxf4+ 49. Kg3 Rg4+
50. Kh3 Kg7 51. Rxh5 Rg6 52. Rf5 Kf8 53. Rf2 Ke7 54. Rg2 Rf6 55. Kg3 Ke6
56. Rf2 Rh6 57. Kf4 Rh4+ 58. Ke3 f6 59. Rf4 Rh3+ 60. Kd2 Rh8 61. Ra4 Rb8
62. Ra6+ Ke5 63. Ke3 Rb5 64. Ra8 Rb4 65. Re8+ Kd5 66. Kf3 f5 67. e3 Rb3 68.
d4 1-0

[Event "ECC"]
[Site "Halkidiki GRE"]
[Date "2002.09.26"]
[Round "5"]
[White "Saldano,H"]
[Black "Atlas,V"]
[Result "1/2-1/2"]
[WhiteElo "2414"]
[BlackElo "2501"]
[EventDate "2002.09.22"]

1. e4 c5 2. b3 b6 3. Bb2 Bb7 4. Nc3 e6 5. g3 d6 6. Bg2 Nf6 7. d3 Be7 8.
Nge2 a6 9. O-O Qc7 10. a4 Nbd7 11. h3 h6 12. f4 g5 13. f5 e5 14. Nd5 Bxd5
15. exd5 g4 16. h4 Nh5 17. Qe1 Rd8 18. c4 a5 19. Nc3 Ndf6 20. Kf2 Rd7 21.
Ne4 Qd8 22. Ke2 Rg8 23. Kd2 Nxe4+ 1/2-1/2

[Event "ECC"]
[Site "Halkidiki GRE"]
[Date "2002.09.26"]
[Round "5"]
[White "Gustafsson,J"]
[Black "Romero Holmes,A"]
[Result "1/2-1/2"]
[WhiteElo "2542"]
[BlackElo "2524"]
[EventDate "2002.09.22"]

1. d4 Nf6 2. c4 g6 3. Nc3 Bg7 4. e4 d6 5. Nf3 O-O 6. Be2 Bg4 7. Be3 Nfd7 8.
Rc1 e6 9. O-O c5 10. d5 exd5 11. exd5 Bxf3 12. Bxf3 f5 13. Qd2 Ne5 14. Be2
Nbd7 15. f4 Nf7 16. Kh1 Nf6 17. Bf3 Re8 18. Rfe1 1/2-1/2

[Event "ECC"]
[Site "Halkidiki GRE"]
[Date "2002.09.26"]
[Round "5"]
[White "Del Rio Angelis,S"]
[Black "Naumann,A"]
[Result "1/2-1/2"]
[WhiteElo "2498"]
[BlackElo "2507"]
[EventDate "2002.09.22"]

1. e4 c6 2. d4 d5 3. exd5 cxd5 4. c4 Nf6 5. Nc3 e6 6. Nf3 Bb4 7. cxd5 Nxd5
8. Bd2 Nc6 9. Bd3 Be7 10. O-O O-O 11. Qe2 Nf6 12. Ne4 Qb6 13. a3 Bd7 14.
Be3 Nd5 15. b4 a6 16. Nc5 Rfd8 17. h4 Bf6 18. Rac1 Nce7 19. Ng5 Bxg5 20.
Nxd7 Rxd7 21. hxg5 Ng6 22. g3 Nxe3 23. fxe3 Qd6 24. Qf3 Nf8 1/2-1/2

[Event "ECC"]
[Site "Halkidiki GRE"]
[Date "2002.09.26"]
[Round "5"]
[White "Bezold,M"]
[Black "Zlotnik,B"]
[Result "0-1"]
[WhiteElo "2468"]
[BlackElo "2423"]
[EventDate "2002.09.22"]

1. g3 g6 2. Bg2 Bg7 3. c4 c5 4. Nc3 Nc6 5. d3 d6 6. f4 e6 7. Bxc6+ bxc6 8.
Nf3 f6 9. e4 e5 10. O-O Bg4 11. Be3 Ne7 12. Qd2 O-O 13. Kg2 Qd7 14. Ng1 Be6
15. Rf2 exf4 16. gxf4 f5 17. Rd1 Rad8 18. h3 Rfe8 19. Qc1 Kh8 20. b3 Ng8
21. Nce2 Bf7 22. Ng3 Nf6 23. exf5 gxf5 24. d4 Qe6 25. Re2 Ne4 26. Bf2 cxd4
27. Bxd4 Rg8 28. Nxe4 fxe4 29. Kh2 Bh5 30. f5 Be5+ 31. Kh1 Qxf5 32. Rf1
Rxg1+ 33. Bxg1 Qxh3+ 0-1

[Event "ECC"]
[Site "Halkidiki GRE"]
[Date "2002.09.26"]
[Round "5"]
[White "Hernando Rodrigo,Jo"]
[Black "Novkovic,Mi"]
[Result "0-1"]
[WhiteElo "2393"]
[BlackElo "2375"]
[EventDate "2002.09.22"]

1. d4 Nf6 2. c4 e6 3. Nf3 d5 4. g3 dxc4 5. Qa4+ Nbd7 6. Bg2 a6 7. Nc3 Be7
8. Qxc4 c5 9. dxc5 Bxc5 10. b4 Be7 11. O-O b5 12. Qb3 Bb7 13. Rd1 O-O 14.
Bf4 Qe8 15. Rac1 Rc8 16. a3 Nb6 17. Ne5 Bxg2 18. Kxg2 Nc4 19. Na2 Nxe5 20.
Bxe5 Nd5 21. Bd4 Rxc1 22. Rxc1 Qa8 23. Qf3 Rc8 24. e4 Nf6 25. Bxf6 Bxf6 26.
Rxc8+ Qxc8 27. Qd3 Bb2 28. Kf3 g6 29. Ke2 e5 30. h4 Kg7 31. Kd2 Bd4 32. f4
Qh3 33. Nc1 Bb2 34. Ne2 exf4 35. Nxf4 Qh2+ 36. Ne2 Qg2 37. Qd5 Qf3 38. Qd3
Qf2 39. Qc2 Be5 40. Qc6 Qf6 41. Qc2 h5 42. Qb3 Qf2 43. Qd3 Qg2 44. Qe3 Bb2
45. Kc2 Be5 46. Kd2 Kg8 47. Qd3 Qf2 48. Qd8+ Kh7 49. Qd3 Kg7 50. Qb3 Qf1
51. Qd5 Qa1 52. Qb3 Bb2 53. Kc2 Be5 54. Kd2 Kg8 55. Kc2 Qe1 56. Qd3 Kg7 57.
Kb3 Qa1 58. Nc3 Kh7 59. Qf3 Bxc3 60. Qxc3 Qb1+ 61. Qb2 Qxe4 62. Qf2 Kg7 63.
Qb2+ Kg8 64. Qf2 Qe5 65. Qf3 Kg7 66. Qd3 Qf6 67. Ka2 Kh7 68. Kb3 Qa1 69.
Qf3 Kg7 70. Qd3 Qe5 71. Ka2 g5 72. hxg5 Qxg5 73. Kb3 Qg6 74. Qd4+ Qf6 75.
Qd3 Qe5 76. a4 Qe6+ 77. Ka3 bxa4 78. Qc3+ Kg6 79. Qc2+ f5 80. Kxa4 Qe8+ 81.
Ka3 Qe3+ 82. Ka4 Kg5 83. Qc7 Kg4 84. Qg7+ Kh3 85. Qg6 Qd3 86. Qxh5+ Kxg3
87. Qg5+ Kf3 88. Qh5+ Ke3 89. Qh3+ Kd2 90. Qg2+ Kc1 91. Qg5+ Kb2 92. Qf6+
Qc3 93. Qxa6 Qa3+ 94. Kb5 Qxa6+ 95. Kxa6 f4 96. b5 f3 97. b6 f2 98. b7
f1=Q+ 0-1

[Event "ECC"]
[Site "Halkidiki GRE"]
[Date "2002.09.26"]
[Round "5"]
[White "Marjanovic,S"]
[Black "Gershon,A"]
[Result "0-1"]
[WhiteElo "2485"]
[BlackElo "2556"]
[EventDate "2002.09.22"]

1. e4 c5 2. Nf3 d6 3. d4 cxd4 4. Nxd4 Nf6 5. Nc3 Nc6 6. Bg5 e6 7. Qd2 a6 8.
O-O-O Qb6 9. Bxf6 gxf6 10. Nb3 Bd7 11. f4 O-O-O 12. Be2 h5 13. Rhf1 h4 14.
Kb1 Rg8 15. Bh5 Be8 16. f5 Rg5 17. Qe2 Ne5 18. fxe6 fxe6 19. Bxe8 Rxe8 20.
Rxf6 Bg7 21. Rf4 Rh8 22. Qd2 Nc4 23. Rf8+ Rxf8 24. Qxg5 Qc7 25. Qg4 Kb8 26.
Qxe6 Rf2 27. Qh3 Na3+ 28. bxa3 Bxc3 29. Rc1 Be5 30. a4 Rxg2 31. c3 Rxh2 32.
Qd3 h3 33. a5 Qc6 34. Qf3 Qa4 35. Qf8+ Ka7 36. Rc2 Qxe4 0-1

[Event "ECC"]
[Site "Halkidiki GRE"]
[Date "2002.09.26"]
[Round "5"]
[White "Lerner,K"]
[Black "Mastrovasilis,A"]
[Result "0-1"]
[WhiteElo "2536"]
[BlackElo "2461"]
[EventDate "2002.09.22"]

1. d4 Nf6 2. Nf3 e6 3. c4 b6 4. Nc3 Bb4 5. Qb3 Qe7 6. Bg5 Bb7 7. Nd2 c5 8.
a3 Bxc3 9. Qxc3 cxd4 10. Qxd4 Nc6 11. Qc3 h6 12. Bh4 Rg8 13. e3 g5 14. Bg3
O-O-O 15. Be2 e5 16. b4 d6 17. Rc1 Kb8 18. O-O h5 19. b5 Na5 20. c5 Nd5 21.
Qb2 bxc5 22. Bxh5 f5 23. h3 f4 24. Bh2 Nf6 25. Be2 g4 26. hxg4 Nxg4 27.
Bxg4 Rxg4 28. f3 Rh4 29. exf4 exf4 30. Rfe1 Qg5 31. Ne4 Bxe4 32. Rxe4 Qh6
33. Bxf4 Rxf4 34. Qd2 Rh4 35. Qxh6 Rxh6 36. Rc3 d5 37. Ra4 Nc4 38. Kf2 Re6
39. g4 Rf8 40. Raxc4 dxc4 41. Rxc4 Ref6 42. Rc3 Kb7 0-1

[Event "ECC"]
[Site "Halkidiki GRE"]
[Date "2002.09.26"]
[Round "5"]
[White "Rabinovich,Al"]
[Black "Tzermiadianos,And"]
[Result "0-1"]
[WhiteElo "2435"]
[BlackElo "2440"]
[EventDate "2002.09.22"]

1. d4 Nf6 2. c4 c5 3. d5 b5 4. Nf3 Bb7 5. Qc2 Na6 6. Nc3 bxc4 7. e4 Nb4 8.
Qd1 Nd3+ 9. Bxd3 cxd3 10. Qxd3 Qa5 11. Bd2 Qa6 12. Nb5 Rc8 13. a4 g6 14. d6
Nxe4 15. Bc3 f6 16. Nc7+ Rxc7 17. Qxa6 Bxa6 18. dxc7 Nxc3 19. bxc3 d6 20.
h4 Kd7 21. h5 g5 22. Kd2 Kxc7 23. Rhe1 e5 24. Nh2 Be7 25. Ng4 Kc6 26. Ne3
Bd8 27. a5 d5 28. g3 Bc7 29. Ng4 Rf8 30. f3 Bc8 31. Nf2 f5 32. a6 e4 33. c4
Bxg3 34. cxd5+ Kd6 35. Rf1 exf3 36. Nd3 g4 37. Ra5 c4 38. Nc5 Ke5 39. Nb7
Kf4 40. Rc5 f2 41. d6 Bd7 42. Rc7 c3+ 43. Rxc3 Bb5 44. Rb1 f1=Q 45. Rxf1+
Bxf1 46. d7 Bh4 47. Rc8 Rf7 48. Rc7 g3 0-1